International Property Measurement Standards Coaliton (Record no. 121035)

MARC details
000 -LEADER
fixed length control field 01335cai a22002415a 4500
001 - CONTROL NUMBER
control field L158645
008 - FIXED-LENGTH DATA ELEMENTS--GENERAL INFORMATION
fixed length control field 140115s xxk f 000 0 eng d
035 ## - SYSTEM CONTROL NUMBER
System control number (Sirsi) u158645
041 0# - LANGUAGE CODE
Language code of text/sound track or separate title eng
050 04 - LIBRARY OF CONGRESS CALL NUMBER
Classification number 692.3 $2 18
110 2# - MAIN ENTRY--CORPORATE NAME
Corporate name or jurisdiction name as entry element Royal Institution of Chartered Surveyors
9 (RLIN) 4900
240 ## - UNIFORM TITLE
Uniform title IPMS
245 00 - TITLE STATEMENT
Title International Property Measurement Standards Coaliton
Medium [electronic resource]
520 ## - SUMMARY, ETC.
Summary, etc. The International Property Measurement Standards Coalition (IPMSC) is a group of 62 professional and not-for-profit organisations from around the world, working together to develop and implement international standards for measuring property. The IPMS Coalition was formed during a meeting at the World Bank in Washington on 01-02 May 2013. The final version of IPMS for Office Buildings was published in November 2014. Member organisations of the IPMS Coalition have made a commitment to promote the implementation the new international standards when published.
590 ## - LOCAL NOTE (RLIN)
Local note KA
650 24 - SUBJECT ADDED ENTRY--TOPICAL TERM
Topical term or geographic name entry element International Property Measurement Standards
651 #4 - SUBJECT ADDED ENTRY--GEOGRAPHIC NAME
Geographic name International
690 ## - LOCAL SUBJECT ADDED ENTRY--TOPICAL TERM (OCLC, RLIN)
Topical term or geographic name as entry element Measurement
9 (RLIN) 6256
710 1# - ADDED ENTRY--CORPORATE NAME
Corporate name or jurisdiction name as entry element Building Owners and Managers Association
9 (RLIN) 3928
710 1# - ADDED ENTRY--CORPORATE NAME
Corporate name or jurisdiction name as entry element Council of European Geodetic Surveyors
856 40 - ELECTRONIC LOCATION AND ACCESS
Uniform Resource Identifier <a href="https://ipmsc.org/">https://ipmsc.org/</a>
Public note View the website free of charge at http://ipmsc.org...
942 ## - ADDED ENTRY ELEMENTS (KOHA)
Suppress in OPAC 0
Holdings
Withdrawn status Lost status Source of classification or shelving scheme Damaged status Not for loan Home library Current library Shelving location Date acquired Total Checkouts Full call number Barcode Date last seen Copy number Price effective from Koha item type
    Dewey Decimal Classification     Virtual Virtual Online 22/05/2015   WEBSITE 158645-2001 06/08/2019 1 06/08/2019 Online material